Magyar Paedagogiai [!Pedagógiai] Társaság hivatalos nyugtázás /

Elmentve itt :
Bibliográfiai részletek
Szerző: Bozóky Endre
Dokumentumtípus: Cikk
Megjelent: 1922
Sorozat:Magyar pedagógia : a Magyar Tudományos Akadémia Pedagógiai Bizottságának folyóirata 31
Kulcsszavak:Magyar Pedagógiai Társaság
Online Access:http://misc.bibl.u-szeged.hu/10094
LEADER 00678nab a2200181 i 4500
001 misc10094
005 20191106143233.0
008 170607s1922 hu o 0|| hun d
022 |a 0025-0260 
040 |a SZTE Miscellanea Repozitórium  |b hun 
041 |a hun 
100 1 |a Bozóky Endre 
245 1 0 |a Magyar Paedagogiai [!Pedagógiai] Társaság   |h [elektronikus dokumentum] :  |b hivatalos nyugtázás /  |c  Bozóky Endre 
260 |c 1922 
300 |a 32 
490 0 |a Magyar pedagógia : a Magyar Tudományos Akadémia Pedagógiai Bizottságának folyóirata  |v 31 
695 |a Magyar Pedagógiai Társaság 
856 4 0 |u http://misc.bibl.u-szeged.hu/10094/1/mp_1922_032.pdf  |z Dokumentum-elérés